| 000 | 00515nam a2200169Ia 4500 | ||
|---|---|---|---|
| 008 | 090711s9999 xx 000 0 und d | ||
| 082 | _b68273 | ||
| 100 | _aबांदोडकर गो. पु. | ||
| 245 | _aपलायन | ||
| 260 |
_bबांदोडकर पब्लिहाऊस _c1992 |
||
| 300 | _a195 | ||
| 600 | _aबांदोडकर गो. पु. | ||
| 630 | _aपलायन | ||
| 700 | _aबांदोडकर गो. पु. | ||
| 730 | _aपलायन | ||
| 942 | _cBOOK | ||
| 999 |
_c303784 _d303784 |
||